Flaggensymbole - Statistiken

Allgemein
  • Dieses Quiz wurde 55 mal gespielt
    22 seit der letzten Aktualisierung
  • Das Durchschnittsergebnis liegt bei 62 aus 82
Antwortstatistiken
Bildquiz Antwort % Korrekt
Zypern
100%
Albanien
94%
Bhutan
94%
Irak
94%
Kanada
94%
Kenia
94%
Kroatien
94%
Libanon
94%
Liechtenstein
94%
Ägypten
89%
Argentinien
89%
Barbados
89%
Israel
89%
Kambodscha
89%
Kirgisistan
89%
Portugal
89%
Serbien
89%
Slowakei
89%
Slowenien
89%
Angola
83%
Äthiopien
83%
Brasilien
83%
China
83%
El Salvador
83%
Eswatini
83%
Iran
83%
Lesotho
83%
Malawi
83%
Marokko
83%
Mexiko
83%
Nicaragua
83%
Paraguay
83%
Philippinen
83%
San Marino
83%
Südkorea
83%
Tadschikistan
83%
Tunesien
83%
Uruguay
83%
Andorra
78%
Ecuador
78%
Kasachstan
78%
Malta
78%
Mongolei
78%
Palau
78%
Sri Lanka
78%
St. Lucia
78%
St. Vincent und die Grenadinen
78%
Tonga
78%
Uganda
78%
Antigua und Barbuda
72%
Dominica
72%
Honduras
72%
Indien
72%
Mauretanien
72%
Montenegro
72%
Mosambik
72%
Niger
72%
Papua-Neuguinea
72%
Vatikanstadt
72%
Dominikanische Republik
67%
Malaysia
67%
Moldawien
67%
Sambia
67%
Spanien
67%
Tuvalu
67%
Algerien
61%
Äquatorialguinea
61%
Belize
61%
Eritrea
61%
Haiti
61%
Simbabwe
61%
Guatemala
56%
Kap Verde
56%
Kiribati
56%
Fidschi
50%
Vanuatu
50%
Brunei
44%
Oman
44%
Georgien
39%
Namibia
39%
Nordkorea
33%
Grenada
11%
Keine übereinstimmenden Quizze gefunden
Verteilung der Resultate
Anzahl Personen mit jedem Resultat
Perzentil nach korrekt beantworteten Fragen
Ihre Resultats-Entwicklung
Sie haben dieses Quiz seit der letzten Aktualisierung nicht gespielt